Guess the Country- First and Last Letter #2 - Statistics

General Stats
  • This quiz has been taken 53 times
  • The average score is 8 of 12
Answer Stats
First Answer Last % Correct
F Fiji I
86%
K Kazakhstan N
86%
O Oman N
86%
G Ghana A
82%
Z Zimbabwe E
82%
V Venezuela A
80%
J Jordan N
67%
D Dominica A
57%
B Bahamas S
55%
A Austria A
49%
C Croatia A
39%
S Switzerland D
39%
No matching quizzes found
Score Distribution
Percent of People with Each Score
Percentile by Number Answered
Your Score History
You have not taken this quiz